000 00424cam a2200145ua 4500
041 _aeng
_h
082 _a895.6
_bLEE/AN
100 _aKeene, Donald .
245 _aAnthelogy of Jaoanese Literature from the earliest era to the mid-ninteenth century /
_cDonald Keene.
_hTextual Documents
260 _aLondon :
_bGeorge Allen & Unwin Ltd ,
_c1956.
300 _a447 ; .
504 _a
942 _cBK
999 _c3561
_d3561